Optimum dosage of verbenone to reduce infestation of mountain pine beetle in lodgepole pine stands of Central Idaho

Na minha lista:
Detalhes bibliográficos
Autor principal: Amman, Gene D (Autor)
Formato: Livro
Idioma:inglês
Publicado em: Ogden Intermountain Research Station 1991
Assuntos:
Tags: Adicionar Tag
Sem tags, seja o primeiro a adicionar uma tag!

MARC

LEADER 00000nam a2200000 a 4500
001 UCX4267
003 CL-VaPUC
008 920408e19910000US |||||||||||||||||eng|d
082 0 4 |a 634.975  |b AMM  |2 21 
100 0 |a Amman, Gene D  |e author  |9 320387 
245 1 0 |a Optimum dosage of verbenone to reduce infestation of mountain pine beetle in lodgepole pine stands of Central Idaho 
300 |a 5 p 
942 |c BK 
945 |d 19920408 00:00:00 
260 |a Ogden  |b Intermountain Research Station  |c 1991 
650 7 |a PINOS  |2 CL-VaPUC  |9 320388 
650 7 |a PROTECCION DE BOSQUES  |2 CL-VaPUC  |9 320389 
650 7 |a FEROMONAS  |2 CL-VaPUC  |9 320390 
583 |a last modification  |c 19920408 00:00:00  |k Rodrigo Vera 
999 |c 224772  |d 224770 
952 |0 0  |1 0  |4 0  |6 634_975000000000000_AMM_1991  |7 0  |8 A  |9 221718  |a BIBING  |b BIBING  |d 2019-11-15  |i 2905779  |o 634.975 AMM 1991  |p 2905779  |r 2025-01-20  |w 2019-11-15  |y BK  |k GEO